<?xml version="1.0" encoding="UTF-8"?>
<record
    xmlns:xsi="http://www.w3.org/2001/XMLSchema-instance"
    xsi:schemaLocation="http://www.loc.gov/MARC21/slim http://www.loc.gov/standards/marcxml/schema/MARC21slim.xsd"
    xmlns="http://www.loc.gov/MARC21/slim">

  <leader>00882nam a2200169 i 4500</leader>
  <controlfield tag="001">182061</controlfield>
  <controlfield tag="003">ES-MaACL</controlfield>
  <controlfield tag="005">20230906221523.0</controlfield>
  <controlfield tag="008">130528s1896    sp           |||| | spa d</controlfield>
  <datafield tag="245" ind1="0" ind2="0">
    <subfield code="a">Geograf&#xED;a m&#xE9;dica espa&#xF1;ola : </subfield>
    <subfield code="b">distrito de Navalcarnero : datos para su estudio m&#xE9;dico climatol&#xF3;gico / </subfield>
    <subfield code="c">por la Asociaci&#xF3;n M&#xE9;dico-Farmac&#xE9;utica.</subfield>
  </datafield>
  <datafield tag="260" ind1=" " ind2=" ">
    <subfield code="a">[S.l.] : </subfield>
    <subfield code="b">[s.n.], </subfield>
    <subfield code="c">1896 (</subfield>
    <subfield code="e">Madrid : </subfield>
    <subfield code="f">Escuela Tip. del Hospicio)</subfield>
  </datafield>
  <datafield tag="300" ind1=" " ind2=" ">
    <subfield code="a">XXXI, 286 p., [1] h. pleg. de mapa ; </subfield>
    <subfield code="c">26 cm.</subfield>
  </datafield>
  <datafield tag="650" ind1=" " ind2="4">
    <subfield code="a">Geograf&#xED;a m&#xE9;dica-</subfield>
    <subfield code="z">Navalcarnero.</subfield>
    <subfield code="9">152804</subfield>
  </datafield>
  <datafield tag="710" ind1="2" ind2=" ">
    <subfield code="a">Asociaci&#xF3;n M&#xE9;dico Farmac&#xE9;utica del Distrito de Navalcarnero.</subfield>
    <subfield code="9">152805</subfield>
  </datafield>
  <datafield tag="852" ind1=" " ind2=" ">
    <subfield code="a">ES-MaACL</subfield>
    <subfield code="j">T-833-F-9 </subfield>
    <subfield code="z">.- Donativo del Sr. Pozzi </subfield>
    <subfield code="z">.- Encuadernado en un vol. facticio</subfield>
  </datafield>
  <datafield tag="856" ind1="4" ind2="1">
    <subfield code="u">http://bibliotecadigitalhispanica.bne.es:80/webclient/DeliveryManager?pid=1832440&amp;custom_att_2=simple_viewer</subfield>
    <subfield code="z">Ir a la p&#xE1;gina</subfield>
  </datafield>
  <datafield tag="999" ind1=" " ind2=" ">
    <subfield code="c">182061</subfield>
    <subfield code="d">182061</subfield>
  </datafield>
  <datafield tag="952" ind1=" " ind2=" ">
    <subfield code="0">0</subfield>
    <subfield code="1">0</subfield>
    <subfield code="4">0</subfield>
    <subfield code="7">0</subfield>
    <subfield code="8">Colecci&#xF3;n_de_folletos</subfield>
    <subfield code="a">ATENEOM</subfield>
    <subfield code="b">ATENEOM</subfield>
    <subfield code="c">DEPOF</subfield>
    <subfield code="d">2013-05-28</subfield>
    <subfield code="e">DON</subfield>
    <subfield code="l">0</subfield>
    <subfield code="o">T-833-F-9</subfield>
    <subfield code="p">1191322</subfield>
    <subfield code="r">2023-02-23 00:00:00</subfield>
    <subfield code="w">2023-02-23</subfield>
    <subfield code="y">FOLLETOS</subfield>
  </datafield>
</record>
